Boletin del hospital Padre Billini. (Registro nro. 36642)
[ vista simple ]
| 000 -CABECERA | |
|---|---|
| campo de control de longitud fija | 00507nas a2200181 a 4500 |
| 001 - NÚMERO DE CONTROL | |
| campo de control | 000037152 |
| 003 - IDENTIFICADOR DEL NÚMERO DE CONTROL | |
| campo de control | DLC |
| 005 - FECHA Y HORA DE LA ÚLTIMA TRANSACCIÓN | |
| campo de control | 20240917122343.0 |
| 008 - DATOS DE LONGITUD FIJA--INFORMACIÓN GENERAL | |
| campo de control de longitud fija | 120220c19469999dr ur1pdd 0 0spa d |
| 040 ## - FUENTE DE LA CATALOGACIÓN | |
| Centro catalogador/agencia de origen | DO-SdBNP |
| Lengua de catalogación | spa |
| Centro/agencia transcriptor | DO-SdBNP |
| Normas de descripción | rda |
| 043 ## - CÓDIGO DE ÁREA GEOGRÁFICA | |
| Código de área geográfica | nwdr |
| 245 00 - MENCIÓN DE TÍTULO | |
| Título | Boletin del hospital Padre Billini. |
| 260 ## - PUBLICACIÓN, DISTRIBUCIÓN, ETC. | |
| Lugar de publicación, distribución, etc. | Ciudad Trujillo, República Dominicana : |
| Nombre del editor, distribuidor, etc. | Montalvo, |
| Fecha de publicación, distribución, etc. | 1946. |
| 300 ## - DESCRIPCIÓN FÍSICA | |
| Extensión | v. ; |
| Dimensiones | 23 cm. |
| 362 ## - FECHAS DE PUBLICACIÓN Y/O DESIGNACIÓN SECUENCIAL | |
| Fecha de publicación y/o designación secuencial | vol. 1, No. III, 1946 |
| 651 #4 - PUNTO DE ACCESO ADICIONAL DE MATERIA--NOMBRE GEOGRÁFICO | |
| Nombre geográfico | República Dominicana |
| 9 (RLIN) | 10483 |
| 942 ## - ELEMENTOS DE PUNTO DE ACCESO ADICIONAL (KOHA) | |
| Fuente del sistema de clasificación o colocación | Dewey Decimal Classification |
| Tipo de ítem Koha | Publicación periódica |
| Estado de retiro | Estado de pérdida | Especificación de materiales (volumen encuadernado u otra parte) | Restricciones de uso | No para préstamo | Código de colección | Localización permanente | Ubicación/localización actual | Ubicación en estantería | Fecha de adquisición | Fuente de adquisición | Enumeración/cronología de publicación seriada | Número de inventario | Total de préstamos | Signatura topográfica completa | Código de barras | Fecha visto por última vez | Precio válido a partir de | Tipo de ítem Koha | Nota pública |
|---|---|---|---|---|---|---|---|---|---|---|---|---|---|---|---|---|---|---|---|
| Préstamo en sala | Préstamo en sala | Hemeroteca | Patrimonio Dominicano | Patrimonio Dominicano | No recibido | 17.04.2012 | 4 | vol. 1; No. 3; (1946) | 2012041720120417 | no. 3 | 37152--1-3-1 | 08.08.2020 | 08.08.2020 | Publicación periódica | Edición especial: 25 aniversario | ||||
| Préstamo en sala | Préstamo en sala | Hemeroteca | Patrimonio Dominicano | Patrimonio Dominicano | No recibido | 17.04.2012 | 4 | vol. 1; (1945) | 2012041720120417 | no. 3 | 37152-1-1 | 08.08.2020 | 08.08.2020 | Publicación periódica | Edición especial: 25 aniversario |
